Statistics for Mythical Lands

Click here to take the quiz!

General Stats

  • This quiz has been taken 77,806 times
    (45,047 since last reset)
  • The average score is 14 of 22

Answer Stats

DescriptionPlace% Correct
Where Peter Pan livesNeverland
92%
Legendary Greek island that
sank into the ocean
Atlantis
90%
Garden home of Adam and EveGarden of Eden
89%
Alice goes down a rabbit hole
and ends up here
Wonderland
89%
Where the Greek Gods livedOlympus
87%
Land visited by Dorothy and TotoOz
78%
Land of Aslan, the Great LionNarnia
76%
Where hobbits live, specificallyThe {Shire}
76%
Land from "The Lord of the Rings"Middle Earth
74%
Vast hall of the Norse gods,
located within the above
Valhalla
74%
Sauron's realmMordor
69%
Mythical "city of gold" sought
by the conquistadors
El Dorado
62%
Himalayan paradise invented by
British author James Hilton
{Shangri}-La
61%
Kingdom with an ideal society, as
imagined by Thomas More
Utopia
58%
Where Mario battles Bowser{Mushroom}
Kingdom
54%
Land of the Norse godsAsgard
49%
Greek version of heaven{Elysian} Fields
49%
Primary "Game of Thrones" continentWesteros
47%
Island of tiny people, visited by GulliverLilliput
43%
"Hunger Games" nationPanem
42%
Land from "The Legend of Zelda"Hyrule
30%
Island where King Arthur's
sword was forged
Avalon
23%

Score Distribution

Percentile by Number Answered

Percent of People with Each Score

Your Score History

You have not taken this quiz since the last reset